header

The prince and the Yankee (Record no. 79684)

MARC details
000 -LEADER
fixed length control field 01422nam a2200313Ia 4500
082 04 - DEWEY DECIMAL CLASSIFICATION NUMBER
Classification number 973.7092
100 1# - MAIN ENTRY--AUTHOR NAME
Personal name White, Robert N.
245 14 - TITLE STATEMENT
Title The prince and the Yankee
260 ## - PUBLICATION, DISTRIBUTION, ETC. (IMPRINT)
Place of publication London :
Name of publisher I.B Tauris,
Year of publication 2003.
300 ## - PHYSICAL DESCRIPTION
Number of Pages vi, 202 p., [8] p. of plates :
Other physical details ill., ports.
650 #0 - SUBJECT ADDED ENTRY--TOPICAL TERM
Topical Term Princesses
856 40 - ELECTRONIC LOCATION AND ACCESS
Uniform Resource Identifier http://site.ebrary.com/lib/rucke/Doc?id=10133101

No items available.

© 2026 Rongo University
Contact us: librarian | system librarian | Rongo university